000 00612nam a2200241Ia 4500
003 OSt
005 20221007074013.0
006 a|||||r|||| 00| 0
007 ta
008 221006b |||||||| |||| 00| 0 eng d
024 _a43,219
037 _cTextual
040 _aFLL
_cFLL
_beng
041 _2eng
_aeng
082 _aX:95:Z2, Q5
100 _aGhaiye B.R.
245 0 _aMisconduct in employment
250 _a3rd
260 _aLucknow
_bEastern book company India
_c2015
300 _a1596 xcvi
_ccm.
942 _hX:95:Z2, Q5
_cTEXL
_2CC
999 _c1150757
_d1150757